La societe de consommation : ses mythes, ses structures
Αποθηκεύτηκε σε:
| Κύριος συγγραφέας: | |
|---|---|
| Μορφή: | Βιβλίο |
| Γλώσσα: | French |
| Δημοσίευση: |
Paris :
Denoel,
1970.
|
| Σειρά: | Collection Folio/essais ;
35 |
| Θέματα: | |
| Ετικέτες: |
Προσθήκη ετικέτας
Δεν υπάρχουν, Καταχωρήστε ετικέτα πρώτοι!
|
MARC
| LEADER | 00000cam a2200000 i 4500 | ||
|---|---|---|---|
| 001 | 1/1065 | ||
| 008 | 950706s1970 fr | ||| |||| ||fre|| | ||
| 020 | |a 2070323498 | ||
| 035 | |l 10014303 | ||
| 040 | |a GR-MyUa |b gre |e AACR2 | ||
| 041 | 0 | |a fre | |
| 082 | 7 | |a 306.3 |2 (22) | |
| 100 | 1 | |a Baudrillard, Jean, |d 1929-2007. | |
| 245 | 1 | 3 | |a La societe de consommation : |b ses mythes, ses structures / |c Jean Baudrillard ; preface de J. P. Mayer. |
| 260 | |a Paris : |b Denoel, |c 1970. | ||
| 300 | |a 318 σ. ; |c 18 εκ. | ||
| 490 | 1 | |a (Collection Folio/essais; |v 35) | |
| 504 | |a Περιλαμβάνει βιβλιογραφικές παραπομπές. | ||
| 650 | 0 | |a Consumption (Economics) | |
| 767 | 0 | 8 | |i Μεταφρασμένο ως: |t Η καταναλωτική κοινωνία : |
| 830 | 0 | |a Collection Folio/essais ; |v 35 | |
| 852 | |a INST |b LESVOS |e 19950706 |h 306.3 BAU |p 005100007921 |q 005100007921 |t BK |y 0 | ||
| 922 | |a 1ΕΛΗ |b 198810 |c ΠΠ/8719 | ||